Biggest Coastal Cities in each N. American Country - Statistics

General Stats
  • This quiz has been taken 14 times
  • The average score is 33 of 69
Answer Stats
Country Population City % Correct
Mexico 1,073,780 Cancún
100%
Cuba 2,218,521 Havana
100%
Jamaica 841,349 Kingston
100%
Saint Vincent and the Grenadines 36,892 Kingstown
100%
USA 17,315,460 Los Angeles
100%
Bahamas 307,575 Nassau
100%
USA 21,085,411 New York City
100%
Panama 2,056,346 Panamá City
100%
Dominican Republic 4,402,136 Santo Domingo
100%
Canada 2,707,861 Vancouver
100%
Canada 442,935 Halifax
92%
Haiti 3,489,620 Port-au-Prince
92%
USA 7,208,355 San Francisco
92%
Mexico 2,511,782 Tijuana
92%
Belize 67,092 Belize City
83%
Jamaica 121,939 Montego Bay
83%
Trinidad and Tobago 430,041 Port of Spain
83%
Antigua and Barbuda 25,422 St John's
83%
Barbados 122,079 Bridgetown
75%
Belize 21,605 San Pedro
75%
Saint Kitts and Nevis 21,083 Basseterre
67%
Saint Lucia 58,116 Castries
67%
Dominica 17,288 Roseau
67%
Cuba 507,355 Santiago de Cuba
67%
Grenada 35,484 St. George's
67%
Haiti 706,249 Carrefour
58%
Costa Rica 121,466 Limón
58%
Panama 233,817 Colón
50%
Mexico 1,102,422 Tampico
50%
Nicaragua 62,691 Bluefields
42%
Haiti 521,973 Cap-Haïtien
42%
Cuba 192,101 Cienfuegos
42%
Bahamas 52,474 Freeport
42%
Dominican Republic 1,167,264 Santo Domingo Este
42%
Dominican Republic 466,938 Santo Domingo Oeste
42%
Canada 702,458 Surrey
42%
Trinidad and Tobago 91,364 San Juan
33%
El Salvador 20,155 Acajutla
25%
Saint Lucia 13,385 Charlotte
25%
Grenada 4,257 Gouyave
25%
Panama 207,148 La Chorrera
25%
El Salvador 42,772 La Unión
25%
Trinidad and Tobago 103,779 San Fernando
25%
Saint Vincent and the Grenadines 7,194 Arnos Vale
17%
Saint Kitts and Nevis 6,110 Brumaire
17%
Saint Vincent and the Grenadines 23,150 Calliaqua
17%
Dominica 4,146 Canefield
17%
Costa Rica 25,134 Chacarita
17%
Guatemala 8,218 Champerico
17%
Nicaragua 20,569 Corinto
17%
Belize 15,820 Corozal
17%
Barbados 11,406 Fitts Village
17%
Saint Lucia 17,337 Gros Islet
17%
Honduras 237,193 La Ceiba
17%
El Salvador 28,190 La Libertad
17%
Antigua and Barbuda 5,060 Liberta
17%
Bahamas 7,014 Marsh Harbour
17%
Saint Kitts and Nevis 3,505 Monkey Hill
17%
Antigua and Barbuda 5,658 Osbourn
17%
Jamaica 179,510 Portmore
17%
Dominica 4,810 Portsmouth
17%
Guatemala 114,065 Puerto Barrios
17%
Nicaragua 91,048 Puerto Cabezas
17%
Honduras 149,076 Puerto Cortés
17%
Guatemala 38,740 Puerto San José
17%
Costa Rica 105,051 Puntarenas
17%
Honduras 74,241 San Lorenzo
17%
Barbados 8,506 Speightstown
17%
Grenada 12,289 The Lime
17%
No matching quizzes found
Score Distribution
Percent of People with Each Score
Percentile by Number Answered
Your Score History
You have not taken this quiz